|
|
|
|
| LEADER |
00000nab a2200000 i 4500 |
| 001 |
publ894 |
| 005 |
20180129125053.0 |
| 008 |
180129s2016 hu o 000 zxx d |
| 040 |
|
|
|a BGE Publikációtár Repozitórium
|b hun
|
| 100 |
1 |
|
|a Zsubrinszky Zsuzsanna
|
| 245 |
1 |
2 |
|a A befolyásolás eszközei a kommunikációban
|c Zsubrinszky Zsuzsanna
|h [elektronikus dokumentum]
|
| 260 |
|
|
|c 2016
|
| 300 |
|
|
|a 950-971
|
| 490 |
0 |
|
|a Alkalmazott Tudományok III. Fóruma: Konferenciakötet
|
| 650 |
|
4 |
|a média- és kommunikációs tudományok
|
| 695 |
|
|
|a Kommunikáció
|
| 695 |
|
|
|a Befolyásolás
|
| 856 |
4 |
0 |
|u https://publikaciotar.uni-bge.hu/id/eprint/894/1/zsubrinszky.pdf
|z Dokumentum-elérés
|